Automatizované spracovanie účtovných záznamov v podvojnom účtovníctve bakalárska práca

Gespeichert in:
Bibliographische Detailangaben
1. Verfasser: Duchonová, Patrícia
Körperschaft: Fakulta hospodárskej informatiky EU. Katedra účtovníctva a audítorstva
Weitere Verfasser: Kubaščíková, Zuzana, 1982-
Format: Buch
Sprache:Slowakisch
Veröffentlicht: Bratislava 2017
Tags: Tag hinzufügen
Keine Tags, Fügen Sie das erste Tag hinzu!

MARC

LEADER 00000nbm a2200000 4500
001 0233139
005 20180412133544.5
041 0 |a slo 
044 |a SK 
245 1 0 |a Automatizované spracovanie účtovných záznamov v podvojnom účtovníctve  |b bakalárska práca  |c Patrícia Duchonová ; školiteľ: Zuzana Kubaščíková 
264 1 |a Bratislava  |c 2017 
300 |a 50 s. 
100 1 |a Duchonová, Patrícia 
700 1 |a Kubaščíková, Zuzana, 1982- 
710 2 |a Fakulta hospodárskej informatiky EU. Katedra účtovníctva a audítorstva